| 000 | 01883nam0a2200349 i 4500 | ||
|---|---|---|---|
| 001 | RU\NLR\BIBL_A\011144847 | ||
| 005 | 20260408080826.0 | ||
| 010 |
_a9785439612192 _93000 |
||
| 021 |
_aRU _b2016-40047 _92562 |
||
| 035 | _a(NILC)RuMoRGB-008489698 | ||
| 035 | _a(NLR Aleph) 011144847 | ||
| 090 |
_a11638673 _c11638673 |
||
| 100 | _a20160602d2016 u y0rusy50 ca | ||
| 101 | 0 | _arus | |
| 102 | _aRU | ||
| 105 | _ay|||j|||000yy | ||
| 200 | 1 |
_aКвалификация преступлений _eучебное пособие _e[для студентов по направлению подготовки 40.03.01 "Юриспруденция" (квалификация (степень) "Бакалавр")] _fАкад. Генер. прокуратуры Рос. Федерации _g[Мелешко Денис Анатольевич и др.] _gпод ред. д.ю.н., доц. К.В. Ображиева, д.ю.н., проф. Н.И. Пикурова |
|
| 210 |
_aМосква _cЮрлитинформ _d2016 |
||
| 215 |
_a348, [1] с. _d22 |
||
| 225 | 1 | _aУголовное право | |
| 320 | _aБиблиогр. в подстроч. примеч. | ||
| 606 | 1 |
_aПреступления _jУчебные издания для высших учебных заведений _xКвалификация _yРоссийская Федерация _92101762 _3RU\NLR\AUTH\661271044 |
|
| 675 | _a343 | ||
| 686 | 1 | _aХ628.110.5я73 | |
| 702 | 1 |
_aМелешко _bД. А. _gДенис Анатольевич _4220 |
|
| 702 | 1 |
_aОбражиев _bК. В. _gКонстантин Викторович _4340 |
|
| 712 | 0 | 2 |
_4570 _aАкадемия Генеральной прокуратуры Российской Федерации _9706155 _3RU\NLR\AUTH\8810102765 |
| 801 | 0 |
_aRU _bРГБ _c20160517 _gRCR |
|
| 942 | _cBOOK | ||
| 980 | _aNBR | ||